[Event "Eliteserien 2009-2010"]
[Site "Haraldsheim"]
[Date "2009.11.06"]
[Round "4"]
[White "Østerberg, Hugo"]
[Black "Kovachev, Daniel Jakobsen"]
[Result "0-1"]
[WhiteElo "2025"]
[BlackElo "2261"]
[PlyCount "146"]
[EventDate "2009.??.??"]

1. d4 f5 2. c4 Nf6 3. Nc3 e6 4. g3 d5 5. Bg2 c6 6. Qd3 Bd6 7. Nh3 O-O 8. Bf4 b6
9. cxd5 cxd5 10. O-O Ba6 11. Qe3 Re8 12. Bxd6 Qxd6 13. Rfd1 Nc6 14. Rac1 Rac8
15. Nf4 Na5 16. Nd3 Nc4 17. Qf4 Qxf4 18. gxf4 Re7 19. Rc2 Rec7 20. Rdc1 Nd6 21.
Nb4 Bc4 22. Ncxd5 exd5 23. b3 Nb5 24. bxc4 dxc4 25. e3 Nd6 26. Nd5 Nxd5 27.
Bxd5+ Kf8 28. Be6 b5 29. Bxc8 Rxc8 30. Rb1 a5 31. a3 Rb8 32. f3 b4 33. axb4
axb4 34. Kf1 b3 35. Ke1 Rb4 36. Kd2 Nb5 37. Rcc1 Ra4 38. Rb2 Ke7 39. d5 Kd6 40.
e4 fxe4 41. fxe4 c3+ 42. Rxc3 Nxc3 43. Kxc3 Rxe4 44. Kxb3 Kxd5 45. Rf2 Ke6 46.
f5+ Kf6 47. Kc3 Re5 48. Kd4 Rxf5 49. Rg2 g5 50. Ke3 Rf4 51. Rg3 Kg6 52. Rh3 Rf6
53. Rg3 h6 54. h4 Kh5 55. hxg5 hxg5 56. Rg1 g4 57. Rh1+ Kg5 58. Ke2 g3 59. Rf1
Rf4 60. Ra1 Kg4 61. Ra8 Kh3 62. Ke3 Rf7 63. Rh8+ Kg2 64. Rg8 Kh2 65. Rh8+ Kg1
66. Ke2 g2 67. Ke1 Re7+ 68. Kd2 Re5 69. Rh7 Kf2 70. Rf7+ Kg3 71. Rg7+ Kf3 72.
Kd1 Re4 73. Rf7+ Kg3 
0-1

[Event "Eliteserien 2009-2010"]
[Site "Haraldsheim"]
[Date "2009.11.06"]
[Round "4"]
[White "Moen, Ole Christian"]
[Black "Holen, Torgeir"]
[Result "1-0"]
[WhiteElo "2170"]
[BlackElo "1901"]
[PlyCount "29"]
[EventDate "2009.??.??"]

1. e4 e6 2. d4 d5 3. Nc3 dxe4 4. Nxe4 Nf6 5. Nxf6+ Qxf6 6. Nf3 h6 7. Bd3 Bd6 8.
O-O O-O 9. Qe2 g5 10. Ne5 Qg7 11. f4 Nd7 12. fxg5 hxg5 13. Qh5 f6 14. Ng4 Rd8
15. Bxg5 
1-0

[Event "Eliteserien 2009-2010"]
[Site "Haraldsheim"]
[Date "2009.11.06"]
[Round "4"]
[White "Kirkebø, Carl Peter"]
[Black "Elseth, Roar"]
[Result "0-1"]
[WhiteElo "2080"]
[BlackElo "2241"]
[PlyCount "82"]
[EventDate "2009.??.??"]

1. e4 e5 2. Bc4 Nf6 3. d3 c6 4. Nf3 Be7 5. O-O d6 6. c3 O-O 7. Re1 Nbd7 8. Nbd2
b5 9. Bb3 Bb7 10. Nf1 Re8 11. Ng3 Bf8 12. d4 h6 13. a4 a6 14. h3 Qc7 15. Nh4 c5
16. d5 c4 17. Bc2 Nc5 18. axb5 axb5 19. Rxa8 Rxa8 20. Nhf5 Ra1 21. Qf3 Qd8 22.
Rf1 Kh7 23. Qe3 g6 24. Nxh6 Rxc1 25. Qxc1 Bxh6 26. Qa1 Qb6 27. Qb1 b4 28. cxb4
Qxb4 29. Qa2 Qd2 30. Bb1 Ba6 31. Qa3 Bf4 32. Qc3 Qxc3 33. bxc3 Kg7 34. Bc2 Bxg3
35. fxg3 Nfxe4 36. Bxe4 Nxe4 37. Ra1 Bb7 38. g4 g5 39. Kf1 Nxc3 40. Kf2 Bxd5
41. Ra6 Be6 
0-1

[Event "Eliteserien 2009-2010"]
[Site "Haraldsheim"]
[Date "2009.11.06"]
[Round "5"]
[White "Djurhuus, Rune"]
[Black "Stokke, Kjetil"]
[Result "1/2-1/2"]
[WhiteElo "2414"]
[BlackElo "2369"]
[PlyCount "73"]
[EventDate "2009.??.??"]

1. d4 Nf6 2. g3 d5 3. Bg2 c6 4. Nf3 Bf5 5. O-O e6 6. c4 Nbd7 7. b3 Be7 8. Bb2
O-O 9. Nbd2 Ne4 10. Ne1 Nxd2 11. Qxd2 Nf6 12. f3 c5 13. cxd5 exd5 14. Nd3 b6
15. Rac1 Rc8 16. Kh1 Re8 17. Rfe1 Bf8 18. e3 h6 19. dxc5 Bxd3 20. Qxd3 Bxc5 21.
Bh3 Rc7 22. e4 dxe4 23. Qxd8 Rxd8 24. Bxf6 gxf6 25. Rxe4 Rd2 26. b4 Bd6 27.
Rxc7 Bxc7 28. Re8+ Kg7 29. Re7 Rd1+ 30. Kg2 Rd2+ 31. Kg1 Bd6 32. Rxa7 Bxb4 33.
Be6 Bc5+ 34. Kh1 Re2 35. Bxf7 Re7 36. Rxe7 Bxe7 37. Bd5 
1/2-1/2

[Event "Eliteserien 2009-2010"]
[Site "Haraldsheim"]
[Date "2009.11.06"]
[Round "5"]
[White "Gullaksen, Eirik"]
[Black "Hole, Øystein"]
[Result "1/2-1/2"]
[WhiteElo "2386"]
[BlackElo "2369"]
[PlyCount "64"]
[EventDate "2009.??.??"]

1. e4 c6 2. c4 d5 3. exd5 cxd5 4. cxd5 Nf6 5. Qa4+ Nbd7 6. Nc3 g6 7. Bc4 Bg7 8.
Nf3 O-O 9. O-O a6 10. Bb3 Nb6 11. Qh4 Nbxd5 12. d4 b5 13. Bh6 Bb7 14. Ng5 Nxc3
15. bxc3 Bd5 16. Rfe1 Bxb3 17. axb3 Nh5 18. Bxg7 Kxg7 19. Qe4 e6 20. Qe3 Nf6
21. c4 bxc4 22. bxc4 Qd6 23. Nf3 Rfb8 24. Ra4 Rb2 25. h3 Rab8 26. Qa3 Qxa3 27.
Rxa3 Rc2 28. Ne5 Rbb2 29. Rf3 Rd2 30. Ra1 Rxd4 31. Rxa6 Rb7 32. Raa3 Rc7
1/2-1/2

[Event "Eliteserien 2009-2010"]
[Site "Haraldsheim"]
[Date "2009.11.06"]
[Round "5"]
[White "Thorstensen, Trond"]
[Black "Borchgrevink, Harald B"]
[Result "0-1"]
[WhiteElo "2209"]
[BlackElo "2241"]
[PlyCount "176"]
[EventDate "2009.??.??"]

1. d4 Nf6 2. c4 e6 3. Nf3 d5 4. Nc3 Bb4 5. Qb3 c5 6. cxd5 exd5 7. dxc5 Nc6 8.
a3 Bxc5 9. Bg5 d4 10. Ne4 Be7 11. Bxf6 Bxf6 12. Nxf6+ Qxf6 13. g3 O-O 14. Bg2
Re8 15. Rd1 Bf5 16. Rd2 d3 17. O-O Rxe2 18. Rxe2 dxe2 19. Re1 Re8 20. Qb5 Bg4
21. Rxe2 Rxe2 22. Qxe2 Kf8 23. Qe4 Bxf3 24. Bxf3 Qxb2 25. Qxh7 Qxa3 26. Kg2 Qb2
27. Qh8+ Ke7 28. Qc8 Qb6 29. Qg4 Kf8 30. Qc8+ Nd8 31. Qd7 a5 32. h4 g6 33. g4
Kg7 34. h5 gxh5 35. gxh5 Qf6 36. Bxb7 Qg5+ 37. Kf1 Qc1+ 38. Kg2 Qg5+ 39. Kf1
Nxb7 40. Qxb7 Qxh5 41. Qb2+ f6 42. Qb7+ Kh6 43. Qc6 Qh3+ 44. Ke2 Qf5 45. Qc1+
Qg5 46. Qc6 Qf5 47. Qc1+ Kg6 48. Qc6 Kg5 49. Kf1 Qb1+ 50. Kg2 Qf5 51. Qc1+ Kg6
52. Qc4 Kh5 53. Kf1 Qb1+ 54. Kg2 Qb7+ 55. Kf1 f5 56. Qe2+ Kh4 57. Qd2 Qh1+ 58.
Ke2 Qe4+ 59. Kf1 Qc4+ 60. Kg1 a4 61. Qh6+ Kg4 62. Qg6+ Kf4 63. Qd6+ Ke4 64. Kg2
f4 65. Qg6+ Kd4 66. Qf6+ Kd3 67. Qd6+ Kc2 68. Qg6+ Kb2 69. Qf6+ Ka2 70. Qd6
Qe4+ 71. Kh2 Kb3 72. Qd1+ Kc3 73. Qc1+ Kb4 74. Qb2+ Kc4 75. Qc1+ Kd5 76. Qd2+
Qd4 77. Qa2+ Qc4 78. Qd2+ Ke4 79. Kg2 f3+ 80. Kg3 Qg8+ 81. Kh4 Qh7+ 82. Kg4
Qf5+ 83. Kg3 Qe5+ 84. Kg4 Qg7+ 85. Kh4 Qd4 86. Qc2+ Kf4 87. Kh5 Qe5+ 88. Kg6
Qe4+ 
0-1

[Event "Eliteserien 2009-2010"]
[Site "Haraldsheim"]
[Date "2009.11.06"]
[Round "5"]
[White "Bern, Ivar"]
[Black "Skrondal, Inge Sandstad"]
[Result "1/2-1/2"]
[WhiteElo "2267"]
[BlackElo "2247"]
[PlyCount "27"]
[EventDate "2009.??.??"]

1. g3 g6 2. Bg2 c5 3. e4 Bg7 4. d3 Nc6 5. f4 d6 6. Nf3 e5 7. c3 Nge7 8. Na3 O-O
9. Be3 b6 10. Nc2 exf4 11. gxf4 d5 12. Qd2 dxe4 13. dxe4 Qxd2+ 14. Nxd2 
1/2-1/2

[Event "Eliteserien 2009-2010"]
[Site "Haraldsheim"]
[Date "2009.11.06"]
[Round "5"]
[White "Gudbrandsen, Gustav"]
[Black "Tjølsen, Katrine"]
[Result "1/2-1/2"]
[WhiteElo "2180"]
[BlackElo "2274"]
[PlyCount "98"]
[EventDate "2009.??.??"]

1. e4 c5 2. Nf3 Nc6 3. Bb5 Nf6 4. e5 Nd5 5. O-O Nc7 6. Bxc6 dxc6 7. h3 g6 8. d3
Bg7 9. Nc3 O-O 10. Be3 Ne6 11. Ne4 b6 12. Qd2 Nd4 13. Nxd4 cxd4 14. Bh6 c5 15.
Rae1 Bb7 16. Bxg7 Kxg7 17. f4 f5 18. exf6+ exf6 19. f5 Qd7 20. Qf4 Qc6 21. Rf3
Rae8 22. h4 Qd7 23. Ref1 Bxe4 24. dxe4 Qc6 25. Re1 Re5 26. fxg6 hxg6 27. g4 Qe8
28. c3 g5 29. hxg5 Rxg5 30. cxd4 cxd4 31. Rc1 Rf7 32. Kf2 Qe6 33. Rc7 Rxc7 34.
Qxc7+ Qf7 35. Qxf7+ Kxf7 36. Rd3 Rxg4 37. Rxd4 Ke6 38. Kf3 Rg5 39. Ra4 Rg7 40.
Kf4 Rh7 41. b3 Rh4+ 42. Kg3 Rh7 43. Kf4 Rc7 44. Rd4 Rc2 45. a4 Rf2+ 46. Ke3 Rb2
47. b4 Ke5 48. Rd5+ Ke6 49. Rd4 Ke5 
1/2-1/2

[Event "Eliteserien 2009-2010"]
[Site "Haraldsheim"]
[Date "2009.11.06"]
[Round "5"]
[White "Demac, Elias"]
[Black "Pham, Toan Thanh"]
[Result "0-1"]
[WhiteElo "2221"]
[BlackElo "2045"]
[PlyCount "49"]
[EventDate "2009.??.??"]

1. d4 d5 2. c4 dxc4 3. e3 Nf6 4. Bxc4 e6 5. Nf3 c5 6. O-O a6 7. Bb3 Be7 8. Nc3
b5 9. dxc5 Qxd1 10. Rxd1 Bxc5 11. Bd2 Bb7 12. Rac1 Nbd7 13. Ne2 Rc8 14. Ned4
O-O 15. Nxe6 fxe6 16. Bxe6+ Kh8 17. Ba5 Bb6 18. Bc3 Rc7 19. Ng5 h6 20. Nf7+ Kh7
21. Nd6 Ba8 22. b4 Nb8 23. e4 Nxe4 24. Bf5+ Rxf5 25. Ra1 
0-1

[Event "Eliteserien 2009-2010"]
[Site "Haraldsheim"]
[Date "2009.11.06"]
[Round "5"]
[White "Tisdall, Jonathan"]
[Black "Agdestein, Espen"]
[Result "1-0"]
[WhiteElo "2404"]
[BlackElo "2372"]
[PlyCount "67"]
[EventDate "2009.??.??"]

1. Nf3 Nf6 2. c4 c5 3. Nc3 e6 4. d4 cxd4 5. Nxd4 Bb4 6. Qb3 Bc5 7. Be3 b6 8.
Na4 O-O 9. Nxc5 bxc5 10. Nb5 Qa5+ 11. Bd2 Qb6 12. Bf4 Nc6 13. Nc7 Qa5+ 14. Qc3
Nb4 15. f3 Rb8 16. Nxe6 Rb6 17. Nxf8 Nc2+ 18. Kd2 Qxc3+ 19. Kxc3 Nxa1 20. e4
Ra6 21. Bd3 Rxa2 22. Bd6 Ra5 23. e5 Nh5 24. Bxh7+ Kh8 25. Bf5 Nf4 26. Re1 Nxg2
27. Re4 Bb7 28. Rg4 Bxf3 29. Rg3 Bc6 30. Nxd7 Bxd7 31. Bxd7 Nf4 32. e6 Nxe6 33.
Bxe6 fxe6 34. Be5 
1-0

[Event "Eliteserien 2009-2010"]
[Site "Haraldsheim"]
[Date "2009.11.06"]
[Round "5"]
[White "Skodvin, Eilif"]
[Black "Løvik, Lasse Østebø"]
[Result "1/2-1/2"]
[WhiteElo "2343"]
[BlackElo "2342"]
[PlyCount "137"]
[EventDate "2009.??.??"]

1. d4 d5 2. c4 e6 3. Nf3 Nf6 4. g3 a6 5. Bg2 dxc4 6. Ne5 c5 7. Be3 Nd5 8. Nc3
f6 9. Nxc4 b5 10. Nxd5 exd5 11. dxc5 bxc4 12. Bxd5 Ra7 13. Qa4+ Qd7 14. Qxc4
Bb7 15. Qe4+ Qe7 16. c6 Qxe4 17. Bxe4 Bxc6 18. Bxc6+ Nxc6 19. Bxa7 Bb4+ 20. Kf1
Nxa7 21. Kg2 Ke7 22. Rac1 Bd6 23. Rc4 Rb8 24. b3 Rb6 25. Rhc1 Kd7 26. e4 g5 27.
Rd4 Ke6 28. Rdc4 Be5 29. Kf3 Rd6 30. Rc7 Nb5 31. Rxh7 Nc3 32. Rc2 Rd3+ 33. Kg2
Nxe4 34. Ra7 Rd6 35. h4 gxh4 36. gxh4 Kf5 37. Rg7 Rd8 38. f3 Nc3 39. Rg4 Nd5
40. Re4 Nf4+ 41. Kf2 Rh8 42. Rc6 Rxh4 43. Rxa6 Rh2+ 44. Kf1 Rh1+ 45. Kf2 Nd3+
46. Kg2 Rd1 47. Ra7 Rd2+ 48. Kg1 Nc1 49. Rc4 Ne2+ 50. Kf2 Nf4+ 51. Ke1 Re2+ 52.
Kf1 Rb2 53. b4 Nd3 54. Ra3 Rf2+ 55. Kg1 Rd2 56. b5 Rd1+ 57. Kg2 Nf4+ 58. Kf2
Bd4+ 59. Rxd4 Rxd4 60. b6 Rd7 61. Rb3 Rb7 62. a4 Nd5 63. a5 Ke5 64. Ra3 Rb8 65.
Rb3 Kd4 66. b7 Nc7 67. Rb6 Nd5 68. Rb5 Nc7 69. Rb6 
1/2-1/2

[Event "Eliteserien 2009-2010"]
[Site "Haraldsheim"]
[Date "2009.11.06"]
[Round "5"]
[White "Sahl, Bjarke"]
[Black "Gabrielsen, Stig"]
[Result "1-0"]
[WhiteElo "2338"]
[BlackElo "2302"]
[PlyCount "91"]
[EventDate "2009.??.??"]

1. e4 c5 2. Nf3 e6 3. d4 cxd4 4. Nxd4 Nc6 5. Nc3 Qc7 6. g3 a6 7. Bg2 Nf6 8. O-O
Bc5 9. Be3 Ne5 10. Bf4 d6 11. Nb3 Ba7 12. Qe1 b5 13. Rd1 h6 14. a3 Bd7 15. Bc1
Rb8 16. Kh1 Nc4 17. Nb1 Bc6 18. Nd4 Ba8 19. h3 h5 20. Qe2 Rc8 21. c3 Kf8 22.
Nd2 Nxd2 23. Rxd2 Qc4 24. Re1 Qxe2 25. Rdxe2 Nd7 26. Be3 Rc7 27. Rd1 Ke7 28.
Red2 Ne5 29. Re2 Nc4 30. Bc1 Rhc8 31. Kh2 g6 32. f4 e5 33. Nc2 a5 34. h4 Rb8
35. Rf1 Ke8 36. f5 Bb7 37. fxg6 fxg6 38. Rf6 Rg7 39. b3 Ke7 40. Bg5 Nb6 41.
Rxg6+ Kf7 42. Rxd6 Rg6 43. Rf2+ Kg7 44. Rxg6+ Kxg6 45. Rf6+ Kg7 46. Ne3 
1-0

[Event "Eliteserien 2009-2010"]
[Site "Haraldsheim"]
[Date "2009.11.06"]
[Round "5"]
[White "Gabrielsen, Trond"]
[Black "Ekeberg, Carl Fr."]
[Result "1/2-1/2"]
[WhiteElo "2230"]
[BlackElo "2267"]
[PlyCount "98"]
[EventDate "2009.??.??"]

1. e4 c6 2. Nc3 d5 3. Nf3 Bg4 4. h3 Bxf3 5. Qxf3 Nf6 6. Be2 e6 7. O-O Nbd7 8.
d4 dxe4 9. Nxe4 Nxe4 10. Qxe4 Be7 11. Rd1 O-O 12. c4 Qc7 13. b3 Rfd8 14. Bb2
Bf6 15. Bf3 Nf8 16. Rd2 Rd7 17. Rad1 Rad8 18. b4 Ng6 19. g3 Ne7 20. Qb1 b5 21.
Qd3 Qb6 22. c5 Qc7 23. Be4 g6 24. Qb3 Nd5 25. a4 Rb8 26. a5 a6 27. Kg2 Rbd8 28.
Ba1 Bg7 29. Bf3 Ne7 30. Bc3 Nd5 31. Ba1 Rc8 32. Bb2 Qd8 33. Ba1 h5 34. h4 Bf6
35. Bb2 Qf8 36. Bxd5 Rxd5 37. Qf3 Qd8 38. Bc3 Bg7 39. Rd3 Rc7 40. Qe4 Rcd7 41.
f4 Bf6 42. Kf3 e5 43. fxe5 Bxe5 44. Kg2 Bf6 45. R1d2 Kg7 46. Rf2 Re7 47. Qf3
Re6 48. Qd1 Qd7 49. Rdf3 Qe7 
1/2-1/2

[Event "Eliteserien 2009-2010"]
[Site "Haraldsheim"]
[Date "2009.11.06"]
[Round "5"]
[White "Grotnes, Nils Ragnar"]
[Black "Kirkebø, Carl Peter"]
[Result "0-1"]
[WhiteElo "2158"]
[BlackElo "2080"]
[PlyCount "70"]
[EventDate "2009.??.??"]

1. d4 Nf6 2. c4 g6 3. Nc3 d5 4. cxd5 Nxd5 5. e4 Nxc3 6. bxc3 Bg7 7. Be3 c5 8.
Qd2 Qa5 9. Rc1 cxd4 10. cxd4 Qxd2+ 11. Kxd2 O-O 12. Bd3 Rd8 13. Ne2 Nc6 14. Rc4
f5 15. f3 fxe4 16. fxe4 Bg4 17. d5 Ne5 18. Rc7 Nxd3 19. Kxd3 e6 20. Bg5 exd5
21. Bxd8 dxe4+ 22. Kxe4 Bxe2 23. Ke3 Bb5 24. Rxb7 Bc6 25. Rc7 Bxg2 26. Rd1 Be5
27. Rc2 Bh3 28. Bc7 Bf6 29. Rc6 Bg4 30. Rb1 Bg5+ 31. Kd4 Bf3 32. Ra6 Be2 33.
Re6 Bg4 34. Ra6 Be2 35. Ra5 a6 
0-1

[Event "Eliteserien 2009-2010"]
[Site "Haraldsheim"]
[Date "2009.11.06"]
[Round "5"]
[White "Trinh, Anh-Dan Doan"]
[Black "Aulin-Jansson, Jøran"]
[Result "1-0"]
[WhiteElo "1855"]
[BlackElo "2183"]
[PlyCount "95"]
[EventDate "2009.??.??"]

1. e4 c5 2. Nf3 d6 3. d4 cxd4 4. Nxd4 Nf6 5. Nc3 a6 6. Be2 e5 7. Nb3 Be6 8. f4
Qc7 9. g4 exf4 10. Bxf4 Nc6 11. g5 Nd7 12. Qd2 Be7 13. O-O-O Nce5 14. Nd4 Nb6
15. Nf5 Bxf5 16. exf5 O-O-O 17. Qd4 Rhe8 18. h4 Bf8 19. Be3 Nec4 20. Bf2 d5 21.
Bxc4 Nxc4 22. Nxd5 Rxd5 23. Qxd5 Re2 24. Bg3 Na3 25. Rd2 Rxd2 26. Qxd2 Qxg3 27.
Rd1 Qc7 28. Re1 Qc6 29. bxa3 Bxa3+ 30. Kd1 Qf3+ 31. Qe2 Qxf5 32. Qe8+ Kc7 33.
Qe5+ Qxe5 34. Rxe5 Kd6 35. Re8 Bc5 36. Ke2 a5 37. Rg8 g6 38. Rg7 Ke6 39. Rxh7
b6 40. Kf3 a4 41. Ke4 a3 42. h5 Be7 43. hxg6 fxg6 44. Rg7 Bxg5 45. Rxg6+ Bf6
46. Kd3 b5 47. Rxf6+ Kxf6 48. Kd4 
1-0

[Event "Eliteserien 2009-2010"]
[Site "Haraldsheim"]
[Date "2009.11.06"]
[Round "5"]
[White "Grandelius, Nils"]
[Black "Urkedal, Frode Olav Olsen"]
[Result "1/2-1/2"]
[WhiteElo "2431"]
[BlackElo "2398"]
[PlyCount "124"]
[EventDate "2009.??.??"]

1. d4 Nf6 2. c4 e6 3. Nf3 Bb4+ 4. Nbd2 O-O 5. a3 Be7 6. e4 d5 7. cxd5 exd5 8.
e5 Ne4 9. Bd3 f5 10. exf6 Bxf6 11. Nxe4 dxe4 12. Bxe4 Re8 13. Ne5 Nc6 14. Bxc6
bxc6 15. O-O c5 16. Be3 cxd4 17. Nc6 Qd5 18. Nxd4 Bb7 19. Qf3 Qxf3 20. Nxf3
Bxf3 21. gxf3 Bxb2 22. Ra2 Be5 23. Rb1 a6 24. Rc2 Rf8 25. Kg2 Rf6 26. Rb7 Raf8
27. f4 Bd6 28. Ra7 Rg6+ 29. Kf1 Rh6 30. Kg2 Rf5 31. Rxa6 Rfh5 32. Ra8+ Kf7 33.
a4 Rxh2+ 34. Kf3 Rf6 35. a5 Rh4 36. a6 Bxf4 37. a7 Be5+ 38. Ke2 Ra6 39. Rc5 Bd6
40. Rf5+ Ke6 41. Rg5 Kf6 42. Rb5 Rha4 43. Rb7 h6 44. Kf3 Ra3 45. Kg2 R3a4 46.
Rd8 Ke7 47. Rc8 Kf6 48. Rg8 Kf7 49. Ra8 Ke6 50. Rc8 Kf6 51. Kf3 Ke6 52. Rh8 Kf5
53. Rg8 Kf6 54. Rd8 Ke7 55. Ra8 Kf6 56. Bc1 Bc5 57. Bb2+ Ke6 58. Rxc7 Rxa7 59.
Re8+ Kd6 60. Rxg7 Rxg7 61. Bxg7 Ra2 62. Bxh6 Rxf2+ 
1/2-1/2

[Event "Eliteserien 2009-2010"]
[Site "Haraldsheim"]
[Date "2009.11.06"]
[Round "5"]
[White "Arvola, Benjamin"]
[Black "Bae, Torstein"]
[Result "0-1"]
[WhiteElo "2216"]
[BlackElo "2387"]
[PlyCount "70"]
[EventDate "2009.??.??"]

1. e4 c6 2. d4 d5 3. e5 Bf5 4. c4 e6 5. Nc3 Ne7 6. a3 Nd7 7. c5 a5 8. Be3 Bg6
9. f4 f6 10. Nf3 Nf5 11. Bf2 fxe5 12. fxe5 Be7 13. Bd3 O-O 14. O-O Bh5 15. Be2
Qe8 16. h3 Bxf3 17. Bxf3 Qg6 18. Bg4 Qh6 19. Qb3 Rab8 20. Qa4 Ra8 21. Qb3 Rab8
22. Qa4 Bh4 23. Bxh4 Qxh4 24. Ne2 Ne3 25. g3 Qh6 26. Rf4 g5 27. Rxf8+ Rxf8 28.
Qxa5 Qg6 29. Qd2 Nc4 30. Qc3 Qf7 31. b3 Qf2+ 32. Kh1 Ne3 33. Bxe6+ Kg7 34. Rg1
Qf3+ 35. Kh2 Qxe2+ 
0-1

[Event "Eliteserien 2009-2010"]
[Site "Haraldsheim"]
[Date "2009.11.06"]
[Round "5"]
[White "Bjerke, Silje"]
[Black "Lundeby, Øyvind Andersen"]
[Result "1-0"]
[WhiteElo "2179"]
[BlackElo "2154"]
[PlyCount "95"]
[EventDate "2009.??.??"]

1. e4 Nc6 2. Nf3 d6 3. d4 Nf6 4. Nc3 Bg4 5. Be2 e6 6. O-O Be7 7. Be3 d5 8. h3
Bh5 9. e5 Nd7 10. Nh2 Bxe2 11. Nxe2 Nb6 12. b3 Qd7 13. Nf4 O-O-O 14. Nd3 Kb8
15. Nf3 f5 16. c3 Rdg8 17. Nc5 Bxc5 18. dxc5 Nc8 19. b4 Nd8 20. a4 Nf7 21. b5
Ne7 22. c6 bxc6 23. Qd4 Kc8 24. Qxa7 Kd8 25. bxc6 Qxc6 26. Nd4 Qd7 27. Qa8+ Nc8
28. Nc6+ Ke8 29. Na7 Nxe5 30. Qxc8+ Qxc8 31. Nxc8 Kd7 32. Na7 c6 33. Rfb1 Nc4
34. Rb7+ Kd6 35. a5 g5 36. a6 f4 37. Bb6 Ra8 38. Rb1 e5 39. Bc7+ Ke6 40. Nxc6
Rxa6 41. Nxe5 Nxe5 42. Re1 Rha8 43. Rxe5+ Kd7 44. Rxd5+ Kc6 45. Rdb5 Ra1+ 46.
Kh2 Rf1 47. R5b6+ Kc5 48. Rb1 
1-0

[Event "Eliteserien 2009-2010"]
[Site "Haraldsheim"]
[Date "2009.11.06"]
[Round "5"]
[White "David, Edwin"]
[Black "Sousa, Ludy Helsio P"]
[Result "1/2-1/2"]
[WhiteElo "2197"]
[BlackElo "2205"]
[PlyCount "83"]
[EventDate "2009.??.??"]

1. d4 Nf6 2. c4 e6 3. Nf3 c5 4. e3 b6 5. Bd3 Bb7 6. O-O Be7 7. Nc3 O-O 8. Qe2
d6 9. Rd1 Nbd7 10. e4 cxd4 11. Nxd4 a6 12. f3 Qc7 13. Be3 Ne5 14. Rac1 Nxd3 15.
Qxd3 Rac8 16. b3 Rfd8 17. Qe2 Nd7 18. Qf2 Bf6 19. Nde2 Ba8 20. Bd4 Be7 21. f4
Bf8 22. f5 Qb7 23. fxe6 fxe6 24. Rf1 Nc5 25. Rcd1 Nxe4 26. Nxe4 Qxe4 27. Bxb6
Rd7 28. Rd4 Qb7 29. Rf4 Be7 30. Ng3 h6 31. Be3 Bg5 32. Re4 Bxe3 33. Qxe3 d5 34.
cxd5 Rxd5 35. Qf2 Qd7 36. Re2 a5 37. Rfe1 Re8 38. Qb6 Rb5 39. Qf2 Rf8 40. Qe3
Rf6 41. Rc1 Rd5 42. Rce1 
1/2-1/2

[Event "Eliteserien 2009-2010"]
[Site "Haraldsheim"]
[Date "2009.11.06"]
[Round "5"]
[White "Guttulsrud, Odd Martin"]
[Black "Kvisvik, Brede Alex."]
[Result "0-1"]
[WhiteElo "2041"]
[BlackElo "2047"]
[PlyCount "86"]
[EventDate "2009.??.??"]

1. e4 c5 2. Nf3 g6 3. d4 cxd4 4. Nxd4 Bg7 5. c4 Nc6 6. Be3 Nf6 7. Nc3 d6 8. Be2
O-O 9. O-O Bd7 10. Rc1 Nxd4 11. Bxd4 Bc6 12. f3 a5 13. b3 Nd7 14. f4 Bxd4+ 15.
Qxd4 Qb6 16. Qxb6 Nxb6 17. Bg4 a4 18. Rf2 axb3 19. axb3 Ra3 20. Rb2 Rfa8 21.
Rbb1 Kf8 22. Kf2 e6 23. Be2 d5 24. exd5 exd5 25. c5 Nd7 26. b4 Nf6 27. Bf3 d4
28. Bxc6 bxc6 29. Ne2 Ra2 30. Kf1 Ne4 31. Nxd4 Nd2+ 32. Kg1 Nxb1 33. Rxb1 Ra1
34. Rxa1 Rxa1+ 35. Kf2 Ra6 36. Ke3 Ke7 37. b5 cxb5 38. Nxb5 Ra5 39. Nc3 Rxc5
40. Ne4 Ra5 41. Nf2 Ke6 42. h3 Ra3+ 43. Nd3 Kd5 
0-1

[Event "Eliteserien 2009-2010"]
[Site "Haraldsheim"]
[Date "2009.11.06"]
[Round "5"]
[White "Hammer, Jon Ludvig"]
[Black "Elsness, Frode"]
[Result "0-1"]
[WhiteElo "2605"]
[BlackElo "2469"]
[PlyCount "100"]
[EventDate "2009.??.??"]

1. c4 e5 2. g3 Nf6 3. Nc3 d5 4. cxd5 Nxd5 5. Bg2 Nb6 6. d3 Be7 7. Be3 O-O 8.
Rc1 f5 9. Qb3+ Kh8 10. Na4 Nc6 11. Nc5 f4 12. Bd2 Nd4 13. Qc3 Nd5 14. Qc4 c6
15. Qa4 Bg4 16. Nf3 Bxf3 17. exf3 Bxc5 18. Rxc5 Qd6 19. Rc1 Qg6 20. Qd1 Qxd3
21. Bc3 Qxd1+ 22. Rxd1 c5 23. Kd2 b5 24. Rhe1 Rae8 25. Kc1 g5 26. Re4 Nf6 27.
Ree1 b4 28. Bd2 Kg7 29. b3 Nd5 30. Re4 Nf6 31. Ree1 Nd5 32. Re4 Kf6 33. Kb2 Nb5
34. Rc4 Rc8 35. Bh3 Rc7 36. Rdc1 Ndc3 37. Bxc3 Nxc3 38. a3 a5 39. Ra1 Rd8 40.
Kc2 Rc6 41. axb4 axb4 42. Rxc3 bxc3 43. Kxc3 Rd4 44. Bf1 Rcd6 45. Ra7 Rd2 46.
Rxh7 Rxf2 47. Rh6+ Ke7 48. Rh7+ Kd8 49. Rh8+ Kc7 50. Bb5 Rd4 
0-1

[Event "Eliteserien 2009-2010"]
[Site "Haraldsheim"]
[Date "2009.11.06"]
[Round "5"]
[White "Miezis, Normunds"]
[Black "Johannessen, Leif E"]
[Result "1-0"]
[WhiteElo "2481"]
[BlackElo "2514"]
[PlyCount "79"]
[EventDate "2009.??.??"]

1. c4 e6 2. e4 d5 3. exd5 exd5 4. d4 Nf6 5. Nc3 Bb4 6. Bd3 O-O 7. Nge2 dxc4 8.
Bxc4 h6 9. O-O Nc6 10. Bb3 Bf5 11. f3 Re8 12. g4 Bh7 13. Kh1 Bxc3 14. bxc3 Nd5
15. Rf2 Na5 16. Bd2 b5 17. Nf4 Nc4 18. Bxc4 bxc4 19. Qa4 Nxf4 20. Bxf4 Qd5 21.
Kg2 c6 22. Qb4 Rad8 23. a4 Rd7 24. a5 g5 25. Be5 c5 26. Qb5 cxd4 27. Qxd5 Rxd5
28. Bxd4 Rb5 29. a6 Re7 30. h4 gxh4 31. Kh3 Bd3 32. Kxh4 Kh7 33. Kg3 h5 34. Rh2
Kg6 35. Rah1 Re6 36. f4 Rxa6 37. f5+ Bxf5 38. Rxh5 f6 39. Kf4 Bd7 40. Rh7 
1-0

[Event "Eliteserien 2009-2010"]
[Site "Haraldsheim"]
[Date "2009.11.06"]
[Round "5"]
[White "Øgaard, Leif"]
[Black "Thomassen, Joachim"]
[Result "1/2-1/2"]
[WhiteElo "2389"]
[BlackElo "2338"]
[PlyCount "93"]
[EventDate "2009.??.??"]

1. c4 g6 2. d4 Bg7 3. Nf3 Nf6 4. Nc3 O-O 5. e4 d6 6. Be2 e5 7. O-O Nc6 8. d5
Ne7 9. Nd2 a5 10. b3 Bd7 11. Ba3 Ne8 12. c5 dxc5 13. Bxc5 Nd6 14. Nc4 Nec8 15.
Rc1 f5 16. a4 fxe4 17. Nd2 b6 18. Ba3 Rf4 19. g3 e3 20. fxe3 Rxf1+ 21. Nxf1 Qf6
22. Bg4 Bxg4 23. Qxg4 Qf5 24. Qe2 e4 25. Nd2 Ne7 26. Bxd6 cxd6 27. Ndxe4 Bxc3
28. Nxc3 Rc8 29. e4 Qe5 30. Qd3 Kg7 31. Rc2 Ng8 32. Nb5 Rxc2 33. Qxc2 Nf6 34.
Qc7+ Kg8 35. Qxd6 Qa1+ 36. Kg2 Qb2+ 37. Kh3 g5 38. g4 Qxb3+ 39. Qg3 Qxg3+ 40.
Kxg3 Nxe4+ 41. Kf3 Nc5 42. Nc3 Kf7 43. Ke3 Ke7 44. Kd4 Kd6 45. Nb5+ Kd7 46. Nc3
Kd6 47. Nb5+ 
1/2-1/2

[Event "Eliteserien 2009-2010"]
[Site "Haraldsheim"]
[Date "2009.11.06"]
[Round "5"]
[White "Haugli, Petter"]
[Black "Moen, Andreas G.R."]
[Result "0-1"]
[WhiteElo "2259"]
[BlackElo "2315"]
[PlyCount "67"]
[EventDate "2009.??.??"]

1. d4 Nf6 2. c4 e6 3. Nc3 Bb4 4. Qc2 d5 5. cxd5 exd5 6. Bf4 c6 7. e3 Be6 8. Bd3
Nbd7 9. Nf3 O-O 10. O-O h6 11. h3 Qe7 12. Qb3 b5 13. Qc2 Rfc8 14. a4 a6 15.
Rfc1 Nb6 16. b3 Qb7 17. Qb2 Qe7 18. Ra2 Ne4 19. Nxe4 dxe4 20. Bxe4 bxa4 21.
Bxc6 axb3 22. Raa1 Nc4 23. Rxc4 Bxc4 24. Bxa8 Rxa8 25. Nd2 Bxd2 26. Qxd2 a5 27.
d5 a4 28. d6 Qf6 29. Ra3 b2 30. Qc2 Rb8 31. Qb1 Bb3 32. d7 Rd8 33. Qd3 Qg6 34.
Qe4 
0-1

[Event "Eliteserien 2009-2010"]
[Site "Haraldsheim"]
[Date "2009.11.06"]
[Round "5"]
[White "Trygstad, Kristian D."]
[Black "Hagen, Anders G"]
[Result "1-0"]
[WhiteElo "2295"]
[BlackElo "2011"]
[PlyCount "69"]
[EventDate "2009.??.??"]

1. e4 c5 2. Nc3 Nc6 3. f4 g6 4. Nf3 Bg7 5. a3 e6 6. b4 b6 7. e5 d6 8. Bb5 Nge7
9. Ne4 dxe5 10. fxe5 O-O 11. Nf6+ Kh8 12. Qe2 Bb7 13. Bb2 Nd5 14. Bxc6 Bxc6 15.
O-O Qe7 16. c4 Nc7 17. Ng5 h6 18. Nge4 Rad8 19. Qe3 Na6 20. Rf3 Bxe4 21. Rh3 h5
22. Qxe4 Bxf6 23. exf6 Qd6 24. d3 Rfe8 25. Be5 Qf8 26. g4 Qh6 27. Bf4 g5 28.
Rxh5 Qxh5 29. gxh5 gxf4 30. Qxf4 Rg8+ 31. Kf2 Kh7 32. Qe4+ Kh8 33. Rg1 Nb8 34.
Qf4 Kh7 35. Rg7+ 
1-0

[Event "Eliteserien 2009-2010"]
[Site "Haraldsheim"]
[Date "2009.11.06"]
[Round "5"]
[White "Johansen, Paul"]
[Black "Kovachev, Daniel Jakobsen"]
[Result "0-1"]
[WhiteElo "2023"]
[BlackElo "2261"]
[PlyCount "78"]
[EventDate "2009.??.??"]

1. c4 Nf6 2. Nc3 e5 3. Nf3 Nc6 4. d4 exd4 5. Nxd4 Bb4 6. Nc2 Bxc3+ 7. bxc3 Ne4
8. Qd3 Nc5 9. Qe3+ Qe7 10. Ba3 b6 11. Bxc5 bxc5 12. Qxe7+ Kxe7 13. e3 Ba6 14.
O-O-O Rab8 15. Na3 Rb6 16. Nb5 Rhb8 17. a4 Na5 18. Kc2 c6 19. Ra1 Bc8 20. Nxa7
Rb2+ 21. Kd3 Ba6 22. Nb5 Nb3 23. Ra3 cxb5 24. cxb5 Bc8 25. c4 Na5 26. f3 d6 27.
Kc3 Rb1 28. Kc2 Rb4 29. Bd3 Be6 30. Rb1 Rxb1 31. Kxb1 Bxc4 32. Bc2 d5 33. Kc1
Kd6 34. Bd3 Bxd3 35. Rxd3 c4 36. Ra3 Kc5 37. Kc2 Re8 38. Kd2 Kb4 39. Ra2 Nb3+
0-1